000 03750nam0a22003731 4500
001 rc\3972418
005 20260405155531.0
021 _aRU
_b[55-10707ж]
035 _a(NLR Aleph) 008056919
090 _a8977861
_c8977861
100 _a20130415d1955 |||y0rusy50 ca
101 0 _arus
102 _aRU
105 _aa z |||||
200 1 _aИсследования динамики вагонов
210 _aМосква
_cТрансжелдориздат
_d1955
215 _a100 с., 1 л. табл.
_cил.
_d22
225 1 _aТруды Всесоюзного научно-исследовательского института железнодорожного транспорта
_vВып. 105
300 _aПеред загл. авт.: Н.Н. Кудрявцев, А.А. Попов, В.В. Чиркин и др.
327 1 _aСодерж.: Динамические исследования вагонных осей / Н.Н. Кудрявцева. Графический способ определения прогибов рессор двухосного вагона / А.А. Попов. Метод определения наибольших размеров подвижного состава для заданного габарита приближения строений / В.В. Чиркин. Усилия и ускорения, возникающие при соударениях цельнометаллич. пассажирских вагонов / С.В. Вершинский, А.В.Федосеев
464 0 _12001#$aГрафический способ определения прогибов рессор двухосного вагона
_1700#1$aПопов$bА. А.$gАлексей Александрович$f1905-1966$cд-р техн. наук, строит. механика$3RU\NLR\AUTH\7766311
_tГрафический способ определения прогибов рессор двухосного вагона
_aПопов, Алексей Александрович (д-р техн. наук, строит. механика ; 1905-1966)
464 0 _12001#$aМетод определения наибольших размеров подвижного состава для заданного габарита приближения строений
_1700#1$aЧиркин$bВ.В.
_tМетод определения наибольших размеров подвижного состава для заданного габарита приближения строений
_aЧиркин, В.В.
464 0 _12001#$aУсилия и ускорения, возникающие при соударениях цельнометаллических пассажирских вагонов
_1700#1$aВершинский$bС.В.
_1701#1$aФедосеев$bА.В.
_tУсилия и ускорения, возникающие при соударениях цельнометаллических пассажирских вагонов
_aВершинский, С.В.
464 0 _12001#$aДинамические исследования вагонных осей
_1700#1$aКудрявцева$bН.Н.
_tДинамические исследования вагонных осей
_aКудрявцева, Н.Н.
606 _aВагонные конструкции
_xРасчет
_jСборники
_2psbo
701 1 _8rus
_7ca
_aПопов
_bА. А.
_cд-р техн. наук, строит. механика
_f1905-1966
_gАлексей Александрович
_3RU\NLR\AUTH\7766311
_949239
701 1 _aЧиркин
_bВ.В.
701 1 _aКудрявцев
_bН.Н.
801 0 _aRU
_bNLR
_gpsbo
801 1 _aRU
_bELAR
_2rusmarc
852 _aNLR
_jП10/598
942 _cBOOK
980 _aNB